New York Interstate Highways - Statistics

General Stats
  • This quiz has been taken 109 times
  • The average score is 23 of 31
Answer Stats
Answer % Correct
I-90
99%
I-87
96%
I-95
94%
I-78
92%
I-81
90%
I-84
90%
I-86
88%
I-88
88%
I-495
82%
I-99
82%
I-295
79%
I-278
75%
I-695
75%
I-190
74%
I-390
74%
I-490
74%
I-690
74%
I-287
72%
I-290
72%
I-790
68%
I-890
68%
I-590
67%
I-678
67%
I-990
67%
I-481
65%
I-787
65%
I-478
64%
I-684
63%
I-587
60%
I-781
53%
I-878
51%
No matching quizzes found
Score Distribution
Percent of People with Each Score
Percentile by Number Answered
Your Score History
You have not taken this quiz